| 000 | 00986nam a2200253 a 4500 | ||
|---|---|---|---|
| 001 | 000134986 | ||
| 003 | AM-YEHGA | ||
| 005 | 20250617122811.0 | ||
| 008 | 980416s1985 ru |||||||||||||||||rus d | ||
| 040 | _aAM-YeHGA | ||
| 041 | 0 | _arus | |
| 245 | 0 | 0 |
_aОбщая теория статистики : _bУчебное пособие / _cА.Я. Боярский, М.Г. Трудова и др. ; Под ред. А.Я. Боярского, Г.Л. Громыко. |
| 250 | _a2-е изд., перераб. и доп. | ||
| 260 |
_aМосква : _bИзд-во Моск. ун-та, _c1985. |
||
| 300 | _a376 с. | ||
| 500 | _aАвт. указаны на обороте тит. л. | ||
| 650 | 1 | 4 | _aТеория статистики |
| 700 | 1 |
_aБоярский, Арон Яковлевич _eавт. _4aut _eред. _4edt |
|
| 700 | 1 | _aТрудова, М.Г. | |
| 700 | 1 | _aЩепинов, М.Г. | |
| 700 | 1 |
_aГромыко, Г.Л. _eред. _4edt |
|
| 942 |
_2udc _cBK |
||
| 090 | _c45845 | ||
| 999 |
_c45110 _d45110 |
||